000 00690cam a2200205 4500
001 WB3541-13
008 000000n1999 000 0 eng u
035 _a(Sirsi) u100730
245 _aBuoyed by inflation's tide
260 _c1999
490 _aFinancial Times
_v22 October 1999, 32(1)
520 _aConsiders why inflation has proved to be of benefit to property investors. They have moved away from valuing corporate earnings and now focus on net asset value instead.
590 _aWB
650 _aINFLATION
650 _aPROPERTY INVESTORS
650 _aPROPERTY COMPANIES
650 _aNET ASSET VALUE
690 _aPROPERTY-PROPERTY FINANCE AND INVESTMENT
942 _n0
999 _c60227
_d60227